000 00668nam a2200169 4500
999 _c13819
_d13819
020 _a9781942792260
082 _a228.05 A9865m 2019
100 _aAzumi, Ryo
245 _aManga majesty :
_bThe revelation of the end times /
_cscript writer & artist, Ryo Azumi ; art director, Chihaya Lucena ; English editor, Joshua Ginter ; editorial advisor, Shane Wood.
260 _aJapan
_bNEXT
_cc2019
300 _a144 pages :
_bchiefly color illustrations ;
_c20.5 cm.
526 _a200-299
_d220
650 _aComic books, strips, etc. -- Religious aspects
650 _aBible stories, English -- Old Testament
650 _aRevelation--Biblical teaching
942 _2ddc
_cBK